Statistics for Popular Video Games by Poster IV

Click here to take the quiz!

General Stats

  • This quiz has been taken 41 times
  • The average score is 9 of 16

Answer Stats

Answer% Correct
Angry Birds
97%
Pokemon Go!
84%
The Elder Scrolls V: Skyrim
76%
Mario Kart Wii
71%
The Legend of Zelda: Breath of the Wild
71%
Stardew Valley
68%
Left 4 Dead
61%
Call of Duty: Black Ops 2
55%
Payday 2
53%
Gears of War
50%
Diablo 2
45%
Dark Souls
42%
Donkey Kong Country
42%
Shadow of the Colossus
42%
Counter-Strike: Global Offense
34%
Middle Earth: Shadow of Mordor
34%

Score Distribution

Percentile by Number Answered

Percent of People with Each Score

Your Score History

You have not taken this quiz